Statistics for Nations once owned by the Russian Empire

Click here to take the quiz!

General Stats

  • This quiz has been taken 153 times
    (118 since last reset)
  • The average score is 23 of 26

Answer Stats

Answer% Correct
Latvia
96%
Lithuania
96%
Ukraine
96%
Estonia
95%
Finland
95%
Armenia
93%
China
93%
Georgia
92%
Mongolia
92%
Poland
92%
Turkmenistan
92%
Azerbaijan
91%
Belarus
91%
Moldova
89%
Romania
87%
Tajikistan
87%
Uzbekistan
87%
Kazakhstan
85%
Kyrgyzstan
84%
Russia
83%
United States
83%
Germany
82%
Turkey
82%
Iran
80%
Japan
74%
Sweden
73%

Score Distribution

Percentile by Number Answered

Percent of People with Each Score

Your Score History

You have not taken this quiz since the last reset